Marketing Communication of Organic Food

Marketingové komunikačné nástroje: reklama, vzťahy s verejnosťou, propagácia predaja, osobný predaj, priamy marketing.

Gespeichert in:
Bibliographische Detailangaben
1. Verfasser: Lacková, Alica
Format: Buchkapitel
Sprache:Englisch
Schlagworte:
Tags: Tag hinzufügen
Keine Tags, Fügen Sie das erste Tag hinzu!

MARC

LEADER 00000naa a2200000 4500
001 0209201
005 20240502083522.9
041 0 |a eng 
044 |a UA 
245 1 0 |a Marketing Communication of Organic Food  |c Alica Lacková 
520 |a Marketingové komunikačné nástroje: reklama, vzťahy s verejnosťou, propagácia predaja, osobný predaj, priamy marketing. 
610 2 0 |a biopotraviny 
610 2 0 |a bioprodukty 
610 2 0 |a komunikácia marketingová 
610 2 0 |a nástroje marketingové 
100 1 |a Lacková, Alica